Introductory combinatorics / (Record no. 168549)

MARC details
000 -LEADER
fixed length control field 00646nam a22001937a 4500
005 - DATE AND TIME OF LATEST TRANSACTION
control field 20191015112509.0
010 ## - LCCN (DPL NO)
LC control number ENG-126658
020 ## - INTERNATIONAL STANDARD BOOK NUMBER
International Standard Book Number 9789353433062
Terms of availability 619.00
035 ## - SYSTEM CONTROL NUMBER
System control number EN-110190
037 ## - SOURCE OF ACQUISITION
Source of stock number/acquisition DBAD/PUB
082 ## - DEWEY DECIMAL CLASSIFICATION NUMBER
Classification number 511.6
100 ## - MAIN ENTRY--PERSONAL NAME
Personal name Brualdi, Richard A.
245 ## - TITLE STATEMENT
Title Introductory combinatorics /
Statement of responsibility, etc by Richard A. Brualdi
260 ## - PUBLICATION, DISTRIBUTION, ETC. (IMPRINT)
Place of publication, distribution, etc Noida
Name of publisher, distributor, etc Pearson India Education Services
Date of publication, distribution, etc 2020
270 ## - ADDRESS
Address 15th Floor, Tower-B, World Trade Tower, Plot No.1
City Block-C, Sector-16, Noida
Postal code 201301
300 ## - PHYSICAL DESCRIPTION
Extent xi;605p.
Dimensions 24cm(pbk)
500 ## - GENERAL NOTE
General note Includes bibliographical references and index
942 ## - ADDED ENTRY ELEMENTS (KOHA)
Source of classification or shelving scheme Dewey Decimal Classification
Item type English Books
Classification part 511.6
Call number suffix BRU
Holdings
Withdrawn status Lost status Not for loan Collection code Home library Current library Date acquired Source of acquisition Cost, normal purchase price Full call number Barcode Copy number Cost, replacement price Koha item type
      Non-fiction Sarojini Nagar Sarojini Nagar 15/10/2019 DBAD/PUB 619.00 511.6 BRU EN-110190 1 619.00 English Books

© Delhi Public Library
Hit Counter
free hit counter